000 00591nam a22002057a 4500
999 _c2399
_d2399
003 AR-CdUCM
008 190304b ||||| |||| 00| 0 spa d
040 _aMUNICIPALIDAD PROVINCIAL DEL CUSCO
_cBIBLIOTECA MUNICIPAL DEL CUSCO
082 _22ed.
_a985 /
_bH84
100 _aHuanay, Julian
_98621
245 _aEl Retoño /
260 _aLima :
_bVillanueva ;
_c1969.
300 _a107 páginas ;
_c17cm.
505 _aNovela
650 _aLiteratura peruana
_9169
650 _aNovela peruana
_9234
710 _aCasa de la Cultura del Perú
_96211
942 _2ddc
_cLIBROS
945 _anom